Garden of Paradise
Guardado en:
| Hovedforfatter: | |
|---|---|
| Format: | Bog |
| Sprog: | Undetermined |
| Udgivet: |
San José, Costa Rica
Litografía e Imprenta Lil
1988
|
| Fag: | |
| Tags: |
Tilføj Tag
Ingen Tags, Vær først til at tagge denne postø!
|
MARC
| LEADER | 00000nam a2200000Ia 4500 | ||
|---|---|---|---|
| 008 | 170316s9999 xx 000 0 und d | ||
| 040 | |a cru BVZT | ||
| 090 | |a 820 C-15g | ||
| 100 | |a Cortazzi, Theodore | ||
| 245 | |a Garden of Paradise | ||
| 260 | |a San José, Costa Rica | ||
| 260 | |b Litografía e Imprenta Lil | ||
| 260 | |c 1988 | ||
| 300 | |a 98 páginas | ||
| 650 | |a LITERATURA INGLESA | ||
| 999 | |c 6782 |d 6782 | ||
| 942 | |c 15 D |h 820 C-15g |2 z | ||
